000 00538nam a2200181Ia 4500
008 090122s9999 xx 000 0 und d
082 _b14004
_a891.468
100 _aशेवते
_bअरुण
245 _aरेशीमगाठी
260 _bअनघा
_c2007
300 _a144
501 _a028 - 26/12/2008 अनघा प्रकाशन ठाणे
600 _aशेवते
630 _aरेशीमगाठी
700 _aशेवते
730 _aरेशीमगाठी
942 _cBOOK
999 _c38081
_d38081